000
00308nam a2200121Ia 4500
008
191201s1986 xx 000 0 und d
100
_a
BHATIA, VS
245
0
_a
Statistical Physics and Thermodynamics
260
_a
N. Delhi
_b
Sehon Lal Nagin Chand
_c
1986
300
_a
158
650
_a
Applied
942
_2
ddc
_c
BK
999
_c
576
_d
576